Survey of text mining II clustering, classification, and retrieval
Gespeichert in:
| Weitere Verfasser: | , |
|---|---|
| Format: | Buch |
| Sprache: | Englisch |
| Veröffentlicht: |
London
Springer-Verlag
2008
|
| Schriftenreihe: | Computer science
|
| Schlagworte: | |
| Tags: |
Keine Tags, Fügen Sie das erste Tag hinzu!
|
MARC
| LEADER | 00000nam a2200000 4500 | ||
|---|---|---|---|
| 001 | 0135457 | ||
| 005 | 20240315121817.7 | ||
| 020 | |a 978-1-84800-045-2 | ||
| 041 | 0 | |a eng | |
| 044 | |a GB | ||
| 245 | 1 | 0 | |a Survey of text mining II |b clustering, classification, and retrieval |c Michael W. Berry, Malu Castellanos, editors |
| 264 | 1 | |a London |b Springer-Verlag |c 2008 | |
| 300 | |a 240 s. | ||
| 490 | 1 | |a Computer science | |
| 830 | 0 | |a Computer science | |
| 610 | 2 | 0 | |a počítače |
| 610 | 2 | 0 | |a digitalizácia |
| 610 | 2 | 0 | |a komunikácia elektronická |
| 610 | 2 | 0 | |a dáta |
| 610 | 2 | 0 | |a informácie |
| 610 | 2 | 0 | |a softvér |
| 610 | 2 | 0 | |a pošta elektronická |
| 700 | 1 | |a Berry, Michael W. | |
| 700 | 1 | |a Castellanos, Malu | |